[Event "2nd Charlotte Masters 2021"]
[Site "Charlotte"]
[Date "2021.04.10"]
[Round "2.6"]
[White "Putnam, Liam"]
[Black "Wu, Rochelle"]
[Result "1/2-1/2"]
[WhiteElo "2076"]
[BlackElo "2132"]
[Annotator "TA"]
[PlyCount "104"]
[EventDate "2021.04.09"]
[EventType "swiss"]
[EventCountry "USA"]
[SourceTitle "playchess.com"]
[Source "ChessBase"]
[SourceQuality "1"]

{[%evp 12,104,18,20,51,19,41,34,39,36,59,2,16,14,11,24,15,3,4,0,7,0,0,0,4,0,0,0,0,0,0,0,10,-8,14,12,12,0,0,0,0,11,11,0,0,0,0,0,32,11,35,35,35,35,35,35,35,35,35,32,32,25,49,32,49,49,49,25,49,11,11,0,0,0,0,0,0,0,0,0,0,0,0,0,0,0,0,0,0,0,0,0,0,0,0]} 1. d4 d5 2. c4 c6 3. Nf3 Nf6 4. Nc3 e6 5. e3 a6 6. c5 Nbd7 7. b4 g6 {D45: Semi-Slav: 5 e3.} 8. Bd3 Bg7 9. O-O Qc7 {White is slightly better.} 10. Bb2 O-O {[#]} 11. Qe2 $146 (11. Na4 $14) ({Predecessor:} 11. Qd2 e5 12. Nxe5 Nxe5 13. dxe5 Qxe5 14. Ne2 {½-½ (14) Iljin,A (2505)-Grigoriants,S (2568) Sochi 2006}) 11... e5 $11 12. Nxe5 Nxe5 13. dxe5 Qxe5 {[#]} 14. Ne4 $1 Qe7 15. Nd6 Ne8 16. Bxg7 Kxg7 17. Qb2+ Kg8 18. Nxe8 Rxe8 19. Qd4 Qe5 20. Rfe1 Bd7 21. a3 Kg7 22. Kf1 Qxd4 23. exd4 Kf6 24. Rab1 Rxe1+ 25. Kxe1 {[%mdl 4096] Endgame KRB-KRB} Re8+ 26. Kd2 Bf5 27. f3 Bxd3 28. Kxd3 {KR-KR} Kf5 29. g3 Ke6 30. a4 {[%cal Ba3a4,Ba4b5,Bb5b6][%mdl 32]} Kd7 31. b5 axb5 32. axb5 Kc7 33. b6+ Kd7 34. Ra1 Ke6 35. Ra7 Rb8 36. g4 Kf6 37. f4 Ke6 38. Ke3 f5 39. h3 (39. g5 {is more complex.} Ke7 40. Kf3 Kf7 41. Kg3 Kg7 42. Kf2) 39... h5 40. gxh5 (40. g5 {with more complications.} Kf7 41. Kd3 h4 42. Kc3 Kg7 43. Kb2) 40... gxh5 {The position is equal.} 41. Kf2 h4 42. Ke3 Kf7 43. Kd3 Ke6 44. Kc3 Ke7 45. Kb3 Ke6 46. Ka4 Ke7 47. Ka5 {[#] And now Rxb7+! would win.} Kd7 48. Kb4 Ke6 49. Ra2 Rg8 50. Ra7 Rb8 51. Ka5 {Hoping for Rxb7!} Kd7 $1 52. Kb4 Ke6 {Weighted Error Value: White=0.08/Black=0.06} 1/2-1/2

[Event "2nd Charlotte Masters 2021"]
[Site "Charlotte"]
[Date "2021.04.10"]
[Round "3.1"]
[White "Matta, Nicholas"]
[Black "Colas, Joshua"]
[Result "1/2-1/2"]
[WhiteElo "2201"]
[BlackElo "2298"]
[Annotator "TA"]
[PlyCount "67"]
[EventDate "2021.04.09"]
[EventType "swiss"]
[EventCountry "USA"]
[SourceTitle "playchess.com"]
[Source "ChessBase"]
[SourceQuality "1"]

{[%evp 9,67,22,17,18,18,18,16,7,11,12,22,22,22,23,18,18,31,31,32,25,31,25,37,25,40,12,39,37,45,39,54,43,44,38,73,0,86,77,87,76,85,58,50,15,15,0,11,0,0,0,0,-5,0,-2,0,0,16,0,0,-8]} 1. d4 d5 2. c4 e6 3. Nf3 Nf6 4. Nc3 a6 5. c5 b6 6. cxb6 {D37: Queen's Gambit Declined: 5 Bf4.} cxb6 7. Bf4 Bd6 8. Bxd6 Qxd6 9. e3 Nbd7 10. Bd3 Bb7 11. O-O O-O 12. Qe2 b5 13. a4 b4 {[#]} 14. Na2 $146 {[%cal Bc3a2,Ba2c1,Bc1b3,Bb3c5][%mdl 32]} ({Predecessor:} 14. Nb1 a5 15. Nbd2 Rfc8 16. Nb3 Ne4 17. Rfc1 Qb6 18. Bb5 Bc6 19. Ne5 Nxe5 20. dxe5 {½-½ (90) Pogosyan,S (2344)-Khanin,S (2524) Loo 2019}) 14... a5 15. Nc1 Bc6 16. Nb3 Nb6 17. Nc5 Nbd7 18. Rfc1 h6 19. b3 Nxc5 20. Rxc5 Nd7 21. Rc2 Rfc8 22. Ba6 ({White should try} 22. Rac1 $16) 22... Rc7 (22... Rcb8 $11) 23. Rac1 $16 Raa7 24. Bd3 f6 25. Nh4 {Hoping for Qg4.} Nf8 26. Qg4 {[#] And now Qg3 would win.} Be8 {The position is equal.} 27. Qg3 (27. Qd1 {is more complex.} g5 28. Nf3 Bh5 29. h3 Rxc2 30. Qxc2 Bxf3 31. gxf3 Qd8 32. Qc5) 27... Qxg3 28. hxg3 Rxc2 29. Rxc2 Kf7 30. Rc8 Bd7 31. Rc5 g5 32. Nf3 Ke7 33. Bb5 Kd6 34. Bxd7 {Weighted Error Value: White=0.08/Black=0.10} 1/2-1/2

[Event "2nd Charlotte Masters 2021"]
[Site "Charlotte"]
[Date "2021.04.10"]
[Round "3.2"]
[White "Liang, Jason"]
[Black "Wang, Tianqi"]
[Result "1-0"]
[WhiteElo "2351"]
[BlackElo "2335"]
[Annotator "TA"]
[PlyCount "53"]
[EventDate "2021.04.09"]
[EventType "swiss"]
[EventCountry "USA"]
[SourceTitle "playchess.com"]
[Source "ChessBase"]
[SourceQuality "1"]

{[%evp 17,53,0,0,4,26,16,34,32,42,44,28,35,17,18,60,67,70,61,69,55,46,27,93,85,427,432,906,919,899,909,862,832,843,832,812,805,1071,1096]} 1. e4 c5 2. Nf3 Nc6 3. Bb5 g6 4. O-O Bg7 5. c3 Nf6 6. Re1 O-O 7. d4 d5 8. e5 Ne4 9. Bxc6 bxc6 10. Be3 $1 {[%mdl 4] now scores much better than the old 10.Nbd2. B31: Sicilian: 2...Nc6 3 Bb5 g6.} Rb8 11. Qc1 Qb6 12. b3 {White is slightly better.} Qa5 13. dxc5 Rxb3 14. axb3 Qxa1 15. b4 {[#] aiming for Nd4.} Qa6 $146 ({Predecessor:} 15... Qa4 16. Nd4 Bxe5 17. f3 Nf6 18. Qa3 Qxa3 19. Nxa3 Re8 20. Bg5 Bxd4+ 21. cxd4 Kg7 {1-0 (79) Caruana,F (2822)-Dubov,D (2683) Wijk aan Zee 2020}) 16. Nbd2 Re8 17. Nb3 Bd7 18. Bd4 Qa2 19. Qb1 Qa4 (19... Qxb1 $11 {keeps the balance.} 20. Rxb1 Ra8) 20. Qb2 $16 {And now e6! would win.} Qb5 $2 {[%mdl 8192] [#] A mistake that costs the game.} (20... Bh6 $16) 21. e6 $1 $18 {[%cal Re6d7] White is clearly winning.} f6 (21... Bxe6 $142 22. Bxg7 Bf5) 22. exd7 Rd8 23. Na5 Rxd7 24. c4 Qa6 25. cxd5 cxd5 26. c6 Rc7 27. Qb3 {Weighted Error Value: White=0.03/Black=0.70} 1-0

[Event "2nd Charlotte Masters 2021"]
[Site "Charlotte"]
[Date "2021.04.10"]
[Round "3.4"]
[White "Mardov, Dimitar"]
[Black "Yanayt, Eugene"]
[Result "1-0"]
[WhiteElo "2312"]
[BlackElo "2079"]
[Annotator "TA"]
[PlyCount "63"]
[EventDate "2021.04.09"]
[EventType "swiss"]
[EventCountry "USA"]
[SourceTitle "playchess.com"]
[Source "ChessBase"]
[SourceQuality "1"]

{[%evp 14,63,42,34,44,47,48,48,59,19,10,8,26,9,15,21,20,13,24,15,36,41,55,71,103,93,95,66,62,56,183,177,181,182,175,177,174,179,168,168,171,171,171,175,284,284,29985,29986,29986,29987,29987,29988]} 1. d4 Nf6 2. Nf3 g6 3. g3 Bg7 4. Bg2 O-O 5. O-O d6 6. b3 e5 7. dxe5 Ng4 8. Bb2 Nxe5 {A49: 1 d4 Nf6 2 Nf3 g6 3 g3: Anti-King's Indian systems.} 9. Nxe5 Bxe5 10. Bxe5 dxe5 {White is slightly better.} 11. Qc1 c6 {[#]} 12. Rd1 $146 ({Predecessor:} 12. Nd2 Qe7 13. a4 Rd8 14. a5 Bg4 15. Re1 Na6 16. Ne4 Bf5 17. Qe3 Bxe4 18. Qxe4 {½-½ (26) Dezelin,M (2259)-Sukovic,A (2084) Paracin 2016}) 12... Qe7 13. Nd2 Be6 14. c4 Na6 15. Qc3 Bf5 16. a3 {[%cal Ba2a3,Ba3a4,Ba4b5][%mdl 32]} Rad8 17. b4 Rd7 18. Nb3 f6 19. Rxd7 Qxd7 20. a4 Rc8 21. b5 cxb5 {This move loses the game for Black.} (21... Nb8 $1 $14) 22. axb5 $18 Nc5 23. Bd5+ Be6 24. Nxc5 Rxc5 25. Bxe6+ Qxe6 26. Rxa7 Rxc4 {[%mdl 4096] Endgame [#] KQR-KQR} 27. Qf3 {[%cal Rf3b7]} e4 28. Qf4 e3 (28... Qc8 $142 29. Qxf6 e3) 29. Qb8+ {[%mdl 64] Double Attack} (29. Qxe3 Qxe3 30. fxe3 Rc7 $14) 29... Rc8 $2 (29... Qc8 $18 30. Rxb7 (30. Qxb7 Qxb7 31. Rxb7 Rc2 $18) 30... exf2+ 31. Kxf2 Qf8) 30. Qxb7 {[%csl Ga7][%cal Rb7g7] White mates.} exf2+ 31. Kxf2 {[%csl Ga7][%cal Rb7g7]} Qf5+ 32. Kg2 {[%csl Ga7][%cal Rb7g7] Weighted Error Value: White=0.04/Black=0.48} 1-0

[Event "2nd Charlotte Masters 2021"]
[Site "Charlotte"]
[Date "2021.04.10"]
[Round "3.5"]
[White "Wu, Derek"]
[Black "Putnam, Liam"]
[Result "0-1"]
[WhiteElo "2175"]
[BlackElo "2076"]
[Annotator "TA"]
[PlyCount "94"]
[EventDate "2021.04.09"]
[EventType "swiss"]
[EventCountry "USA"]
[SourceTitle "playchess.com"]
[Source "ChessBase"]
[SourceQuality "1"]

{[%evp 21,94,10,19,0,0,0,0,0,0,0,4,0,0,-19,0,-10,0,0,0,0,3,6,11,0,7,-3,6,-4,0,-38,-38,-64,-66,-69,-77,-70,-72,-79,-94,-181,-68,-72,-55,-83,-84,-68,-45,-200,-149,-138,-110,-67,-75,-110,-110,-88,-72,-592,-550,-574,-573,-775,-775,-760,-756,-1049,-1006,-1565,-1468,-5023,-4911,-4606,-4582,-1941,-1918]} 1. d4 Nf6 2. c4 e6 3. Nf3 d5 4. g3 Bb4+ 5. Bd2 Be7 6. Bg2 O-O 7. O-O c6 8. Qc2 Nbd7 9. Bf4 b6 10. Rd1 Bb7 11. Nc3 Rc8 12. e4 {E08: Closed Catalan: Main Line: 7 Qc2.} dxc4 13. Qa4 b5 14. Qxa7 {The position is equal.} Qb6 15. Qxb6 Nxb6 16. a3 {[#]} Rfd8 $146 ({Predecessor:} 16... Ra8 17. Rac1 Na4 18. Nxa4 Rxa4 19. Nd2 {½-½ (19) Lalic,B (2501)-Adams,M (2750) Southend 2001}) 17. Bh3 h6 18. Ne5 Nbd7 19. Nxd7 Rxd7 20. f3 Rcd8 21. Be3 Ne8 22. Rac1 Nc7 23. a4 Bf6 {[%cal Rf6d4]} 24. axb5 Nxb5 {[%cal Rf6d4]} 25. e5 Be7 {[%cal Rb5d4]} 26. Nxb5 cxb5 27. Rf1 Ra8 28. f4 Bd5 29. f5 Ra2 30. f6 (30. Rf2 $17) 30... Bf8 (30... gxf6 $19 31. exf6 Bd8) 31. fxg7 $15 Bxg7 32. Rf2 Rda7 33. Rcf1 b4 {Hoping for ...c3.} 34. Bg4 $2 {[#]} (34. Bg2 $15) 34... Ra1 35. Rxf7 Rxf1+ 36. Rxf1 Ra2 37. Rf2 c3 38. bxc3 {[#] Rxa2 is the strong threat.} b3 39. Bc1 $2 {[%mdl 8192]} (39. Bh5 $17) 39... Ra1 $19 {Black is clearly winning.} 40. Rf1 Bc4 41. Bxe6+ Bxe6 42. Bb2 Ra2 43. Rf2 Bf8 44. Kg2 Ba3 45. Bxa3 Rxa3 46. Kf3 Ra2 47. Rf1 b2 {Weighted Error Value: White=0.70/Black=0.07} 0-1

[Event "2nd Charlotte Masters 2021"]
[Site "Charlotte"]
[Date "2021.04.10"]
[Round "3.6"]
[White "Wu, Rochelle"]
[Black "Eckert, Doug"]
[Result "1/2-1/2"]
[WhiteElo "2132"]
[BlackElo "2162"]
[Annotator "TA"]
[PlyCount "80"]
[EventDate "2021.04.09"]
[EventType "swiss"]
[EventCountry "USA"]
[SourceTitle "playchess.com"]
[Source "ChessBase"]
[SourceQuality "1"]

{[%evp 15,80,4,10,0,6,0,0,0,0,0,0,0,0,0,0,0,0,0,0,0,0,0,0,-20,-20,-21,-14,-13,-14,-8,-3,-12,-14,-8,-17,-24,-11,-23,-4,-2,0,-35,-36,-57,-48,-54,-50,-52,-52,-32,-37,-50,-22,-52,-28,-52,-52,-53,-25,-58,-31,-73,-38,-58,-44,-59,0]} 1. d4 {Primel,D} Nf6 2. c4 e6 3. Nc3 Bb4 4. Qc2 d5 5. cxd5 Qxd5 6. Nf3 Qf5 7. Qxf5 exf5 8. a3 Be7 9. Bf4 {E34: Nimzo-Indian: Classical: 4...d5.} c6 10. e3 Nbd7 11. Bd3 {The position is equal.} Nb6 12. Rc1 a5 13. O-O O-O 14. h3 Be6 15. Nd2 {[#]} Rfe8 $146 ({Predecessor:} 15... Rfc8 16. Bh2 g6 17. Rc2 a4 18. Ne2 Nfd5 19. Nf4 Bd6 20. Nxe6 Bxh2+ 21. Kxh2 fxe6 {1-0 (50) Gagunashvili,M (2576)-Lalic,B (2531) Sautron 2008 EXT 2009 [Primel,D]}) 16. Rfd1 Rac8 17. Be5 Red8 18. Ne2 Nfd5 19. Nc4 (19. Re1 {with more complications.} g6 20. Nf3 Na4 21. Rc2 Nab6 22. Rcc1) 19... Nxc4 20. Bxc4 f6 21. Bg3 Bf7 22. Nc3 Nxc3 23. Rxc3 Bxc4 24. Rxc4 Rd5 25. Rdc1 Rcd8 26. f3 $1 Rb5 27. R1c2 Rb3 28. Bf2 Rd5 29. Rd2 Rdb5 30. Rcc2 Kf7 31. Kf1 a4 32. Re2 Ke6 33. Be1 Bd8 (33... h5 {is more complex.} 34. e4 fxe4 35. fxe4 Bd6 36. Bc3 Rg5) 34. Bc3 Ba5 35. Bxa5 Rxa5 $11 {KRR-KRR} 36. Kf2 Kd6 37. Red2 Rab5 38. Ke2 g6 39. Kf2 Ke6 40. Ke2 Kd6 {Weighted Error Value: White=0.08/Black=0.06} (40... h5 $15) 1/2-1/2

[Event "2nd Charlotte Masters 2021"]
[Site "Charlotte"]
[Date "2021.04.11"]
[Round "4.1"]
[White "Colas, Joshua"]
[Black "Liang, Jason"]
[Result "1/2-1/2"]
[WhiteElo "2298"]
[BlackElo "2351"]
[Annotator "TA"]
[PlyCount "82"]
[EventDate "2021.04.09"]
[EventType "swiss"]
[EventCountry "USA"]
[SourceTitle "playchess.com"]
[Source "ChessBase"]
[SourceQuality "1"]

{[%evp 14,82,3,0,9,-36,-43,-37,-47,-42,-41,-19,-39,-200,-187,-209,-209,-310,-231,-350,-269,-311,-286,-393,-296,-330,-293,-283,-292,-292,-296,-296,-278,-266,-234,-330,-305,-387,-310,-339,-332,-316,-300,-296,-319,-327,-282,-289,-236,-273,-268,-260,-198,-199,-195,-188,-195,-195,-195,-179,-195,-183,0,0,0,0,0,0,0,0,0]} 1. c4 c6 2. d4 d5 3. Nc3 Nf6 4. e3 e6 5. Nf3 Nbd7 6. Qc2 Bd6 7. g4 h6 8. Rg1 {8.h3 is vanishing.} e5 {D45: Semi-Slav: 5 e3.} 9. Bd2 e4 10. Nh4 Bxh2 {Black is slightly better.} 11. Rg2 Bb8 12. cxd5 cxd5 13. Rc1 $2 (13. Be2 $15) 13... Nb6 $19 14. Bb5+ Kf8 {[#]} ({Don't take} 14... Bd7 15. a4 $17) 15. Qd1 $146 (15. Na4 $142 Bd6 16. Nf5 Bxf5 17. gxf5) ({Predecessor:} 15. Na4 Bd6 16. Qb3 Nxa4 17. Rxc8 Rxc8 18. Nf5 Kg8 19. Bxa4 Rc7 20. Qb5 Bf8 21. Bb3 {0-1 (36) Thorfinnsson,B (2364)-Schandorff,L (2526) Valby 2008}) 15... g6 16. Rg1 (16. f4 $142) 16... Bh2 17. Rg2 Bd6 18. Rg1 Be6 19. f4 g5 20. Nf5 Bxf5 21. gxf5 gxf4 22. exf4 Rc8 23. Bf1 a6 24. Be3 (24. Qb3 $142) 24... Nc4 25. Qe2 Rg8 26. Rxg8+ Kxg8 27. Qg2+ Kh7 28. Bxc4 Rxc4 29. Kf2 Rc8 30. Rg1 {[%csl Gg1][%cal Rg2g7]} Qh8 31. Qh3 Rg8 32. Rg5 Rg7 33. Nxd5 Nxd5 34. Rh5 Kg8 $1 ({Inferior is} 34... Bxf4 35. Bxf4 Rg2+ 36. Kf1 $11) 35. Rxh6 {[%csl Gh3][%cal Rh6h8] [#]} Rh7 36. Qg3+ Kf8 37. Rxd6 {[#]} Rh2+ $2 (37... Ke8 $1 $19 38. Rxd5 Rg7 39. Re5+ Kd7 40. Rxe4 (40. Rd5+ $2 Kc7 $19) 40... Rxg3 41. Kxg3 Qg8+ 42. Kf3 Qh7) 38. Kg1 $11 {The position is equal.} Rh1+ 39. Kf2 Rh2+ 40. Kg1 Rh1+ 41. Kf2 {Strongly threatening Rd8+.} Rh2+ {Weighted Error Value: White=0.27/Black=0.27} 1/2-1/2

[Event "2nd Charlotte Masters 2021"]
[Site "Charlotte"]
[Date "2021.04.11"]
[Round "4.3"]
[White "Wang, Tianqi"]
[Black "Putnam, Liam"]
[Result "0-1"]
[WhiteElo "2335"]
[BlackElo "2076"]
[Annotator "TA"]
[PlyCount "62"]
[EventDate "2021.04.09"]
[EventType "swiss"]
[EventCountry "USA"]
[SourceTitle "playchess.com"]
[Source "ChessBase"]
[SourceQuality "1"]

{[%evp 9,62,29,36,8,17,0,24,24,10,18,19,-32,0,0,4,-7,0,0,3,-8,-13,-12,-10,-11,-2,-17,-10,-57,-24,-104,-105,-212,-212,-212,-216,-240,-254,-385,-360,-771,-766,-704,-472,-463,-467,-450,-456,-1096,-707,-703,-714,-800,-797,-766,-761]} 1. e4 c5 2. Nc3 Nc6 3. Bb5 Nd4 4. Nf3 a6 5. Bd3 Nc6 6. a3 {B23: Closed Sicilian: Lines without g3.} e6 7. O-O d5 8. exd5 {White has an edge.} exd5 9. Re1+ Be7 $1 {[#]} 10. Ne5 $146 (10. Be2 $11) ({Predecessor:} 10. Bf1 Nf6 11. d4 cxd4 12. Nxd4 O-O 13. Bg5 h6 14. Bh4 Nxd4 15. Qxd4 Be6 16. Bd3 {½-½ (69) Puranik,A (2548)-Timofeev,A (2602) Kazan 2019}) 10... Nf6 11. Nxc6 bxc6 12. Be2 O-O 13. d3 Bd6 14. Bf3 Qc7 15. h3 Rb8 16. Na4 Bf5 17. Be3 Nd7 18. Bg4 Bxg4 19. Qxg4 (19. hxg4 $11 Rfe8 20. Rb1) 19... f5 $17 20. Qh4 (20. Qf3 $17) 20... f4 $19 21. Bd2 f3 22. Re6 {[#]} fxg2 23. Kxg2 (23. Rae1 $142 Ne5 24. R6xe5 Bxe5 25. Nxc5) 23... Ne5 {Strongly threatening ...Nf3.} 24. Bg5 $2 (24. Rxd6 Qxd6 25. Bf4) 24... Nf3 {Black is clearly winning.} 25. Qg4 {[#]} Be7 $1 {[%mdl 512]} 26. Qg3 ({Don't blunder} 26. Bxe7 $2 Qh2+ 27. Kf1 Nd2+ 28. Ke1 Qxf2+ 29. Kd1 Nf3) 26... Qxg3+ 27. fxg3 Bxg5 28. Rxc6 (28. c3 $142 Nd2 29. h4) 28... Nd4 29. Rxc5 Be3 {( -> ...Rf2+)} 30. h4 Rf2+ {[%mdl 64] Double Attack} 31. Kh3 Nxc2 {[%mdl 64] Discovered Attack.  Weighted Error Value: White=0.59/Black=0.24} 0-1

[Event "2nd Charlotte Masters 2021"]
[Site "Charlotte"]
[Date "2021.04.11"]
[Round "4.4"]
[White "Oberoi, Shelev"]
[Black "Mardov, Dimitar"]
[Result "0-1"]
[WhiteElo "2229"]
[BlackElo "2312"]
[Annotator "TA"]
[PlyCount "60"]
[EventDate "2021.04.09"]
[EventType "swiss"]
[EventCountry "USA"]
[SourceTitle "playchess.com"]
[Source "ChessBase"]
[SourceQuality "1"]

{[%evp 12,60,25,-4,31,6,10,6,20,-12,-12,-81,-18,-24,10,6,13,0,10,-8,0,-11,-12,-33,0,0,0,-8,0,-22,17,-193,-204,-204,-203,-199,-205,-189,-183,-772,-292,-495,-507,-557,-564,-9489,-6053,-5118,-5118,-29986,-29987]} 1. e4 e5 2. Nf3 Nc6 3. d4 exd4 4. Nxd4 Bb4+ 5. c3 Bc5 6. Be3 Bb6 7. Bc4 Nge7 {has lost popularity (7...Nf6). C45: Scotch Game.} 8. Bg5 {[#]} d6 $146 ({Predecessor:} 8... O-O 9. Nf5 d6 10. Nxg7 Kxg7 11. Qh5 Qe8 12. Qh6+ Kg8 13. Bf6 {1-0 (13) Turicnik,V (1999)-Petauer,E (1932) Slovenia 2017}) 9. Nxc6 bxc6 {The position is equal.} 10. Qf3 (10. O-O {with more complications.} O-O 11. Bh4 Qe8 12. Nd2 Ng6 13. Bg3) 10... O-O 11. Qg3 (11. O-O $11 {keeps the balance.}) 11... Qe8 ({Black should play} 11... d5 $17 {Threatens to win with ...f6.} 12. Bd3 f6) 12. O-O $1 $11 Be6 13. Bxe6 fxe6 14. Nd2 Ng6 15. Nc4 e5 16. a4 {[%cal Ba2a4,Ba4a5][%mdl 32]} Qe6 17. Nd2 a6 18. a5 Ba7 19. b3 d5 20. Kh1 h6 21. f4 {Loses the game.} dxe4 $19 ({And not} 21... hxg5 22. f5 $11) 22. f5 Rxf5 23. Rxf5 Qxf5 24. Be3 {[#]} Rd8 $1 {...Rd3 is the strong threat.} 25. Rf1 $2 {[#]} (25. Qe1 Bxe3 26. Qxe3) 25... Nf4 $1 26. Qf2 (26. Nc4 {was necessary.} Rd3 27. Qe1 Bxe3 28. Nxe3) 26... Bxe3 27. Qxe3 Qg4 {[%csl Gf4][%cal Rg4g2]} 28. g3 {[#]} Rd3 $1 29. Qe1 {[#]} e3 $1 30. Ne4 {[#]} (30. gxf4 Rxd2) 30... e2 $1 {Weighted Error Value: White=0.99/Black=0.36} 0-1

[Event "2nd Charlotte Masters 2021"]
[Site "Charlotte"]
[Date "2021.04.11"]
[Round "4.5"]
[White "Eckert, Doug"]
[Black "Wu, Derek"]
[Result "1-0"]
[WhiteElo "2162"]
[BlackElo "2175"]
[Annotator "TA"]
[PlyCount "59"]
[EventDate "2021.04.09"]
[EventType "swiss"]
[EventCountry "USA"]
[SourceTitle "playchess.com"]
[Source "ChessBase"]
[SourceQuality "1"]

{[%evp 26,59,27,15,14,0,0,0,56,42,85,111,166,174,186,186,214,211,208,199,206,214,267,263,244,254,365,362,1492,1375,29992,29993,29997,29998,29998,29998]} 1. d4 Nf6 2. c4 e6 3. Nf3 d5 4. Nc3 c5 5. cxd5 Nxd5 6. e4 Nxc3 7. bxc3 cxd4 8. cxd4 Bb4+ 9. Bd2 Bxd2+ 10. Qxd2 O-O 11. Bc4 Nd7 12. O-O b6 13. Rad1 Bb7 14. Rfe1 Rc8 {D41: Queen's Gambit Declined: Semi-Tarrasch with 5 cxd5.} 15. Bb3 h6 16. h3 Qc7 (16... Qf6 $11) 17. d5 $14 {[#]} exd5 $146 ({Predecessor:} 17... Nc5 18. Nd4 exd5 19. e5 Ba6 20. Nf5 Rcd8 21. Qf4 Bc8 22. Nxh6+ gxh6 23. Re3 Kh7 {½-½ (115) Kobo,O (2460)-Abdusattorov,N (2627) Chess.com INT 2021}) 18. exd5 Qd8 {[#]} (18... Qd6 $16 {was called for.}) 19. Qf4 $1 $18 Nc5 20. d6 Nxb3 21. axb3 Bxf3 22. Qxf3 Qf6 23. d7 Rb8 {intending ...Qxf3.} 24. Qg3 {[#] Threatens to win with Qxb8!} Qc6 25. Rd6 Qc5 (25... Qc2 $142 26. Qe3 Rbd8) 26. Rxh6 {And now Qxb8! would win.} Qb5 $2 (26... Rbd8 27. Rd6 b5) 27. Re4 {White threatens Reh4 and mate.} Qxd7 28. Reh4 {[%csl Gh4][%cal Rh6h8] White mates.} g6 29. Rh8+ Kg7 30. Qc3+ {White took control after the opening.  Weighted Error Value: White=0.02/Black=0.70} 1-0

[Event "2nd Charlotte Masters 2021"]
[Site "Charlotte"]
[Date "2021.04.11"]
[Round "4.6"]
[White "Yanayt, Eugene"]
[Black "Wu, Rochelle"]
[Result "1/2-1/2"]
[WhiteElo "2079"]
[BlackElo "2132"]
[Annotator "TA"]
[PlyCount "39"]
[EventDate "2021.04.09"]
[EventType "swiss"]
[EventCountry "USA"]
[SourceTitle "playchess.com"]
[Source "ChessBase"]
[SourceQuality "1"]

{[%evp 13,39,15,24,19,30,8,21,34,26,8,17,-10,-4,-4,-8,-8,-18,-35,0,0,0,-15,0,0,0,0,0,0]} 1. d4 d5 2. c4 c6 3. Nf3 Nf6 4. Nc3 e6 5. e3 a6 6. Bd2 Bd6 7. Qc2 Nbd7 8. e4 {D45: Semi-Slav: 5 e3.} dxe4 9. Nxe4 Nxe4 10. Qxe4 c5 11. Bc3 Nf6 12. Qc2 cxd4 13. Nxd4 {[#]} Qc7 $146 ({Predecessor:} 13... O-O 14. Be2 Qb6 15. O-O Bd7 16. b4 Qc7 17. Nf3 Bc6 18. c5 Bf4 19. g3 Ng4 {1-0 (50) Markus,R (2584)-Jurkovic,H (2431) Rijeka 2005}) 14. O-O-O O-O 15. Bd3 e5 (15... b5 $5) 16. Nf5 {The position is equal.} Bc5 {White must now prevent ...e4!} 17. Kb1 Re8 18. Rhe1 Bxf5 19. Bxf5 Bd4 20. g3 {Not much happened in this game.  Weighted Error Value: White=0.09/Black=0.04} 1/2-1/2